| 000 | 00408nam a2200157Ia 4500 | ||
|---|---|---|---|
| 008 | 230312s9999||||xx |||||||||||||| ||und|| | ||
| 020 | _a81-8431-047-1 | ||
| 082 |
_a621.3815 _bGOD-E |
||
| 100 | _aGodse,A.P | ||
| 245 | 0 | _aElectronic Circuit Analysis | |
| 260 |
_bTechnical Publications Pune _aIndia _c2007 |
||
| 300 | _aP-36 | ||
| 546 | _aEng. | ||
| 650 |
_aEngineering _vSignal Stage Amplifier |
||
| 942 | _cBK | ||
| 999 |
_c1671 _d1671 |
||